Rubber-Measurement of vulcanization characteristics with the oscillating disc curemeter. (Record no. 74130)

MARC details
000 -LEADER
fixed length control field 00387nam a2200121Ia 4500
245 #0 - TITLE STATEMENT
Title Rubber-Measurement of vulcanization characteristics with the oscillating disc curemeter.
260 ## - PUBLICATION, DISTRIBUTION, ETC. (IMPRINT)
Year of publication 1977
500 ## - GENERAL NOTE
General note Standard number: ISO 3417
650 ## - SUBJECT ADDED ENTRY--TOPICAL TERM
Topical Term Oscillating disc curemeter
650 ## - SUBJECT ADDED ENTRY--TOPICAL TERM
Topical Term Vulcanization characteristics
942 ## - ADDED ENTRY ELEMENTS (KOHA)
Koha item type Standards
Holdings
Withdrawn status Lost status Damaged status Not for loan Collection code Home library Current library Date acquired Koha item type
      Standards ISO standards RRII Library RRII Library 31/12/2021 Standards